Country Names with 3 Consonants Next to Each Other - Statistics

General Stats
  • This quiz has been taken 185 times
    160 since last reset
  • The average score is 16 of 20
Answer Stats
Continent Consonants Country % Correct
Asia FGH Afghanistan
95%
Oceania STR Australia
94%
Asia CYPR Cyprus
94%
Africa GYPT Egypt
93%
Asia KYRGYZST Kyrgyzstan
93%
Europe STR Austria
90%
Asia SYR Syria
89%
Asia KHST Kazakhstan
88%
Oceania RSH, NDS Marshall Islands
86%
Africa TSW Botswana
84%
Oceania NDS Solomon Islands
81%
Europe NDS Netherlands
80%
North America TTS Saint Kitts and Nevis
79%
Asia RKM Turkmenistan
75%
Asia NGL Bangladesh
68%
Europe CHT, NST Liechtenstein
67%
Europe NGD United Kingdom
67%
Africa YCH Seychelles
65%
Asia RTH North Korea
62%
Africa NTR Central African Republic
57%
No matching quizzes found
Score Distribution
Percent of People with Each Score
Percentile by Number Answered
Your Score History
You have not taken this quiz since the last reset